Komisár Monti zaostril pozornosť na slobodné povolania

Preskúmanie pravidiel, ktoré neoprávnene obmedzujú podnikanie tzv. slobodných povolaní v členských krajinách EÚ. Formy obmedzovania slobodných povolaní. Rôznorodé pravidlá v jednotlivých členských štátoch. Tradícia verzus aktualita.

Gespeichert in:
Bibliographische Detailangaben
1. Verfasser: Baťo, Rado
Format: Buchkapitel
Sprache:Slowakisch
Schlagworte:
Tags: Tag hinzufügen
Keine Tags, Fügen Sie das erste Tag hinzu!

MARC

LEADER 00000naa a2200000 4500
001 r048582
005 20230921114607.2
041 0 |a slo 
044 |a SK 
245 1 0 |a Komisár Monti zaostril pozornosť na slobodné povolania  |c Rado Baťo 
520 |a Preskúmanie pravidiel, ktoré neoprávnene obmedzujú podnikanie tzv. slobodných povolaní v členských krajinách EÚ. Formy obmedzovania slobodných povolaní. Rôznorodé pravidlá v jednotlivých členských štátoch. Tradícia verzus aktualita. 
610 2 0 |a podnikanie slobodné 
610 2 0 |a regulácia štátna 
610 2 0 |a Európska únia 
100 1 |a Baťo, Rado